| 000 | 00871nam a22002537a 4500 | ||
|---|---|---|---|
| 005 | 20130111140929.0 | ||
| 008 | 130111t xxu||||| |||| 00| 0 eng d | ||
| 010 | _aENG-106541 | ||
| 020 |
_a019809177x _c395.00 |
||
| 020 |
_a9780198091776 _c395.00 |
||
| 035 | _aEN-90074 | ||
| 037 | _bDBAD / PUB | ||
| 040 |
_aDPL _bENG |
||
| 082 | _a363 | ||
| 100 |
_aShiva, Vandana _91433 |
||
| 245 |
_aTalking environment / _cby Vandana Shiva |
||
| 260 |
_aNew Delhi _bOxford University Press _c2013 |
||
| 270 |
_aYMCA Library Building, 1 Jai Singh Road, _bNew Delhi _e110001 |
||
| 300 |
_axvi, 106 p. : _c20cm(pbk) |
||
| 500 | _aInconversation with Ramin Jahanbegloo | ||
| 700 |
_aJahanbegloo, Ramin _954724 |
||
| 942 |
_2ddc _cEN _h363 _mSHI |
||
| 999 |
_c72872 _d72872 |
||